WordNet : an electronic lexical database
Αποθηκεύτηκε σε:
| Άλλοι συγγραφείς: | |
|---|---|
| Μορφή: | Βιβλίο |
| Γλώσσα: | English |
| Δημοσίευση: |
Cambridge, Massachusetts :
The MIT Press,
1998
|
| Σειρά: | Language, speech, and communication
|
| Θέματα: | |
| Ετικέτες: |
Προσθήκη ετικέτας
Δεν υπάρχουν, Καταχωρήστε ετικέτα πρώτοι!
|
MARC
| LEADER | 00000nam a2200000 i 4500 | ||
|---|---|---|---|
| 001 | 1/63225 | ||
| 008 | 041019s1998 eng d | ||
| 020 | |a 0-262-06197-X | ||
| 035 | |l 10074795 | ||
| 040 | |a GR-MY-UA |b gre |e aacr | ||
| 041 | 0 | |a eng | |
| 082 | 0 | |a 423.1 | |
| 245 | 1 | 0 | |a WordNet : |b an electronic lexical database / |c edited by Christiane Fellbaum |
| 260 | |a Cambridge, Massachusetts : |b The MIT Press, |c 1998 | ||
| 300 | |a 422 p. | ||
| 490 | 1 | |a Language, speech and communication | |
| 504 | |a Includes bibliographical references and index | ||
| 650 | 0 | 0 | |a WordNet. |
| 650 | 0 | 0 | |a Semantics |x Data processing. |
| 650 | 0 | 0 | |a Lexicology |x Data processing. |
| 650 | 0 | 0 | |a English language |x Data processing. |
| 700 | 1 | |a Fellbaum, Christiane. |4 edt | |
| 830 | 0 | |a Language, speech, and communication | |
| 852 | |a INST |b RHODES |e 20041019 |h 423.1 FEL |p 005400018388 |q 005400018388 |t BK |y 0 | ||
| 901 | |a BIBL4-2004-3 | ||
| 909 | |a Ρ |b 109988 | ||
| 920 | |a ΔΙΕΥΡΥΝΣΗ |b ΕΠΕΑΕΚ ΙΙ-ΤΜΣ |y ΡΟΔΟΣ |z 2004-10 | ||
| 970 | |a ΚΟΥΛΑΚΙΟΤΗ |b ΛΙΤΣΑ |z 2004/10/19 | ||